Analysis of Clusters from Border Regions of Poland and Slovakia

Priemyselný klaster, definícia. Paradigma klasteringu. Typológia klasteringu. Kľúčové faktory efektívneho klasteringu. Diskusia. Klastre vo vybraných regiónoch.

Gespeichert in:
Bibliographische Detailangaben
1. Verfasser: Pudło, Patrycja
Weitere Verfasser: Pelegrinová, Lenka, 1983-
Format: Buchkapitel
Sprache:Englisch
Schlagworte:
Tags: Tag hinzufügen
Keine Tags, Fügen Sie das erste Tag hinzu!

MARC

LEADER 00000naa$a2200000$$$4500
001 0134151
005 20240605064913.5
041 0 |a eng 
044 |a PL 
245 1 0 |a Analysis of Clusters from Border Regions of Poland and Slovakia  |c Patrycja Pudło, Lenka Pelegrínová 
520 |a Priemyselný klaster, definícia. Paradigma klasteringu. Typológia klasteringu. Kľúčové faktory efektívneho klasteringu. Diskusia. Klastre vo vybraných regiónoch. 
610 2 0 |a klaster 
610 2 0 |a priemysel 
610 2 0 |a typológia 
610 2 0 |a regióny 
610 2 0 |a Poľsko 
610 2 0 |a Slovensko 
100 1 |a Pudło, Patrycja 
700 1 |a Pelegrinová, Lenka, 1983-